Online Catalogue and eLibrary

Capturing complexity : (Record no. 107)

MARC details
000 -LEADER
fixed length control field 00985pam a2200277 a 4500
001 - CONTROL NUMBER
control field 1580139
005 - DATE AND TIME OF LATEST TRANSACTION
control field 20231130061930.0
008 - FIXED-LENGTH DATA ELEMENTS--GENERAL INFORMATION
fixed length control field 930913s1994 ii a b 101 0 eng
020 ## - INTERNATIONAL STANDARD BOOK NUMBER
ISBN 8170363721 (India : hbk.)
020 ## - INTERNATIONAL STANDARD BOOK NUMBER
ISBN 817036373X (India : pbk.)
020 ## - INTERNATIONAL STANDARD BOOK NUMBER
ISBN 0803991452 (U.S. : hbk.)
020 ## - INTERNATIONAL STANDARD BOOK NUMBER
ISBN 0803991460 (U.S. : pbk.)
040 ## - CATALOGING SOURCE (பட்டியலாக்க மூலம்)
Original cataloging agency DLC
Transcribing agency DLC
Modifying agency DLC
082 00 - DDC Classification
Class No. 305.42
DDC Edition Number 20
245 00 - TITLE STATEMENT
Title Capturing complexity :
Remainder of title an interdisciplinary look at women, households, and development /
Statement of responsibility, etc. edited by Romy Borooah
260 ## - PUBLICATION, DISTRIBUTION, ETC.
Place of publication, distribution, etc. New Delhi ;
-- Thousand Oaks :
Name of publisher, distributor, etc. Sage Publications,
Date of publication, distribution, etc. 1994.
300 ## - PHYSICAL DESCRIPTION
Extent (e.g. Volumes, Pages etc.) 324 p. :
500 ## - GENERAL NOTE
General note This book is an outcome of a workshop held in Illinois in July 1988.
650 #0 - SUBJECT ADDED ENTRY--TOPICAL TERM
Topical term or geographic name entry element Women in development
650 #0 - SUBJECT ADDED ENTRY--TOPICAL TERM
Topical term or geographic name entry element Households
650 #0 - SUBJECT ADDED ENTRY--TOPICAL TERM
Topical term or geographic name entry element Women
700 1# - ADDED ENTRY--PERSONAL NAME
Personal name Borooah, Romy.
Relator term (Role) Editor
856 42 - ELECTRONIC LOCATION AND ACCESS
Uniform Resource Identifier <a href="http://www.loc.gov/catdir/enhancements/fy0657/93034794-d.html">http://www.loc.gov/catdir/enhancements/fy0657/93034794-d.html</a>
856 41 - ELECTRONIC LOCATION AND ACCESS
Uniform Resource Identifier <a href="http://www.loc.gov/catdir/enhancements/fy0657/93034794-t.html">http://www.loc.gov/catdir/enhancements/fy0657/93034794-t.html</a>
942 ## - Koha item type (Biblio)
Koha item type Books in Stacks (Lending)
Holdings
Lost status Damaged status Collection code Home library Current library Date acquired Full call number Accession Number Item type
    Lending WERC Library WERC Library 11/30/2023 305.42 2238 Books in Stacks (Lending)

© WERC Library